| 000 | 02063nam a2200433 a 4500 | ||
|---|---|---|---|
| 001 | ebr10240597 | ||
| 003 | CaPaEBR | ||
| 006 | m u | ||
| 007 | cr cn||||||||| | ||
| 008 | 070511s2008 njua sb s001 0 eng | ||
| 010 | _z 2007019967 | ||
| 015 |
_aGBA807157 _2bnb |
||
| 016 | 7 |
_z014494088 _2Uk |
|
| 020 | _z9780813542140 (hardcover : alk. paper) | ||
| 020 | _z0813542146 (hardcover : alk. paper) | ||
| 020 | _z9780813542157 (pbk. : alk. paper) | ||
| 020 | _z0813542154 (pbk. : alk. paper) | ||
| 040 |
_aCaPaEBR _cCaPaEBR |
||
| 035 | _a(OCoLC)276172284 | ||
| 043 | _an-us--- | ||
| 050 | 1 | 4 |
_aHV8138 _b.F454 2008eb |
| 082 | 0 | 4 |
_a363.32/30973 _222 |
| 100 | 1 |
_aFernandez, Luis A., _d1969- |
|
| 245 | 1 | 0 |
_aPolicing dissent _h[electronic resource] : _bsocial control and the anti-globalization movement / _cLuis A. Fernandez. |
| 260 |
_aNew Brunswick, N.J. : _bRutgers University Press, _cc2008. |
||
| 300 |
_ax, 192 p. : _bill. |
||
| 490 | 1 | _aCritical issues in crime and society | |
| 504 | _aIncludes bibliographical references (p. 177-188) and index. | ||
| 505 | 0 | _aProtest, control, and policing -- Perspectives on the control of dissent -- The anti-globalization movement -- Managing and regulating protest : social control and the law -- This is what democracy looks like? : the physical control of space -- "Here come the anarchists" : the psychological control of space -- Law enforcement and control. | |
| 533 |
_aElectronic reproduction. _bPalo Alto, Calif. : _cebrary, _d2013. _nAvailable via World Wide Web. _nAccess may be limited to ebrary affiliated libraries. |
||
| 650 | 0 |
_aLaw enforcement _zUnited States. |
|
| 650 | 0 |
_aSocial control _zUnited States. |
|
| 650 | 0 |
_aProtest movements _zUnited States. |
|
| 650 | 0 |
_aAnti-globalization movement _zUnited States. |
|
| 655 | 7 |
_aElectronic books. _2local |
|
| 710 | 2 | _aebrary, Inc. | |
| 830 | 0 | _aCritical issues in crime and society. | |
| 856 | 4 | 0 |
_uhttp://site.ebrary.com/lib/rucke/Doc?id=10240597 _zAn electronic book accessible through the World Wide Web; click to view |
| 999 |
_c36556 _d36556 |
||